|
|
|
|
| LEADER |
00000nab a2200000 4500 |
| 001 |
vtls012144594 |
| 003 |
SK-MaSNL |
| 005 |
20260304170000.0 |
| 008 |
220722|2022 xo |||| ||an ||00 0|slo |
| 015 |
|
|
|a SNBRB2022/07
|
| 040 |
|
|
|a SPKCL
|b slo
|e rda
|
| 041 |
|
|
|a slo
|b slo
|b eng
|
| 044 |
|
|
|a xo
|c SK
|
| 072 |
|
7 |
|a 656
|x Doprava
|2 konspekt
|
| 080 |
|
|
|a 373.24
|2 2011
|
| 080 |
|
|
|a 656:37.016
|2 2011
|
| 100 |
1 |
|
|a Pajtinková, Blažena
|4 aut
|9 1466621
|
| 245 |
1 |
0 |
|a Realizácia dopravnej výchovy v materskej škole prostredníctvom projektu Bezpečná cesta
|c Blažena Pajtinková
|
| 246 |
3 |
1 |
|a Implementation of traffic education in kindergarten through the project The safe way
|
| 300 |
|
|
|b Fotografie
|
| 336 |
|
|
|a text
|b txt
|2 rdacontent
|
| 337 |
|
|
|a bez média
|b n
|2 rdamedia
|
| 338 |
|
|
|a zväzok
|b nc
|2 rdacarrier
|
| 504 |
|
|
|a Obsahuje bibliografiu
|
| 546 |
|
|
|a Slovenské a anglické resumé
|
| 546 |
|
|
|a Súbežný názov v angličtine
|
| 610 |
2 |
7 |
|a Bezpečná cesta do školy (projekt)
|2 SNKPH
|9 49601
|
| 650 |
0 |
7 |
|a dopravná výchova
|2 SNKPH
|9 27785
|
| 650 |
0 |
7 |
|a materské školy
|2 SNKPH
|9 1278
|
| 650 |
0 |
7 |
|a predškolská výchova
|2 SNKPH
|9 3959
|
| 773 |
0 |
|
|t Naša škola
|g Roč. 25, č. 9-10 (2021/22), s. 41-48 x 1335-2733
|
| 856 |
4 |
1 |
|a www.pamiko.sk
|
| 958 |
|
|
|a NB
|
| 999 |
|
|
|c 2986499
|d 2988429
|